|
|
|
|
| LEADER |
00000nam0a2200000 4500 |
| 001 |
303580 |
| 005 |
20231102001622.0 |
| 035 |
|
|
|a (RuTPU)RU\TPU\book\328803
|
| 035 |
|
|
|a RU\TPU\book\75595
|
| 090 |
|
|
|a 303580
|
| 100 |
|
|
|a 20150903d1966 km y0rusy50 ca
|
| 101 |
0 |
|
|a rus
|
| 102 |
|
|
|a RU
|
| 105 |
|
|
|a a g 000zy
|
| 200 |
1 |
|
|a Справочник по строительству линий электропередачи
|f Ю. Е. Григорьев [и др.]
|g под ред. А. Д. Романова
|
| 205 |
|
|
|a 2-е изд., перераб. и доп.
|
| 210 |
|
|
|a Москва
|a Ленинград
|c Энергия
|d 1966
|
| 215 |
|
|
|a 606 с.
|c ил.
|
| 606 |
1 |
|
|a Электрические линии передачи, воздушные
|x Постройка
|2 stltpush
|3 (RuTPU)RU\TPU\subj\27034
|9 50842
|
| 610 |
1 |
|
|a линии электропередачи
|
| 610 |
1 |
|
|a строительство
|
| 610 |
1 |
|
|a экономика
|
| 610 |
1 |
|
|a планирование
|
| 610 |
1 |
|
|a проектная документация
|
| 610 |
1 |
|
|a подготовительные работы
|
| 610 |
1 |
|
|a строительно-монтажные работы
|
| 610 |
1 |
|
|a такелажные средства
|
| 610 |
1 |
|
|a машины
|
| 610 |
1 |
|
|a механизмы
|
| 610 |
1 |
|
|a справочники
|
| 675 |
|
|
|a 621.315.17(035)
|v 3
|
| 701 |
|
1 |
|a Григорьев
|b Ю. Е.
|g Юрий Евгеньевич
|
| 701 |
|
1 |
|a Зильберман
|b Р. И.
|
| 701 |
|
1 |
|a Кашкаров
|b Б. В.
|
| 701 |
|
1 |
|a Мерман
|b И. А.
|
| 701 |
|
1 |
|a Реут
|b М. А.
|
| 702 |
|
1 |
|a Романов
|b А. Д.
|4 340
|
| 801 |
|
1 |
|a RU
|b 63413507
|c 20041206
|g PSBO
|
| 801 |
|
2 |
|a RU
|b 63413507
|c 20210309
|g PSBO
|
| 942 |
|
|
|c BK
|